Ritual carmelitano (Record no. 8413)
[ view plain ]
| 000 -CABECERA | |
|---|---|
| campo de control de longitud fija | 01140nam a2200277 a 4500 |
| 001 - NÚMERO DE CONTROL | |
| campo de control | BRCA_8762 |
| 003 - IDENTIFICADOR DEL NÚMERO DE CONTROL | |
| campo de control | FranzMayer |
| 005 - FECHA Y HORA DE LA ÚLTIMA TRANSACCIÓN | |
| campo de control | 20230728112832.0 |
| 008 - DATOS DE LONGITUD FIJA--INFORMACIÓN GENERAL | |
| campo de control de longitud fija | 280317s1789----sp-g######---#000-0#spa-# |
| 040 ## - FUENTE DE LA CATALOGACIÓN | |
| Centro catalogador/agencia de origen | MFM |
| Lengua de catalogación | esp |
| Centro/agencia transcriptor | MFM |
| 041 ## - CÓDIGO DE LENGUA | |
| Código de lengua del texto/banda sonora o título independiente | spa |
| 044 ## - CÓDIGO DEL PAÍS DE LA ENTIDAD EDITORA/PRODUCTORA | |
| Código MARC del país | sp |
| 050 #4 - SIGNATURA TOPOGRÁFICA DE LA BIBLIOTECA DEL CONGRESO | |
| Número de clasificación | BX2049.C3 |
| Número de documento/Ítem | .R58 1789 |
| 245 10 - MENCIÓN DE TÍTULO | |
| Título | Ritual carmelitano |
| Resto del título | parte primera instrucciones de canto llano y figurado : á uso de los religiosos y religiosas de la Orden de Descalzos de Nuestra Madre Santísima, la Virgen María del Monte Carmelo de la primitiva observancia en esta congregación de España e Indias. |
| 260 ## - PUBLICACIÓN, DISTRIBUCIÓN, ETC. | |
| Lugar de publicación, distribución, etc. | Madrid |
| Nombre del editor, distribuidor, etc. | Por Don Joseph Doblado |
| Fecha de publicación, distribución, etc. | 1789 |
| 300 ## - DESCRIPCIÓN FÍSICA | |
| Extensión | [10], xiii, 369 p. |
| Dimensiones | 21 cm. |
| 500 ## - NOTA GENERAL | |
| Nota general | S/N |
| 500 ## - NOTA GENERAL | |
| Nota general | Estado físico : presenta lomo desprendido, hojas con manchas y presencia del pececillo de plata |
| 500 ## - NOTA GENERAL | |
| Nota general | Donación del Lic. Héctor Rivero Borrell Miranda, Director MFM, 25-enero-2017 |
| 500 ## - NOTA GENERAL | |
| Nota general | Número de control : 00002 |
| 650 14 - PUNTO DE ACCESO ADICIONAL DE MATERIA--TÉRMINO DE MATERIA | |
| Término de materia o nombre geográfico como elemento de entrada | Carmelitas Descalzos |
| 9 (RLIN) | 21819 |
| 650 14 - PUNTO DE ACCESO ADICIONAL DE MATERIA--TÉRMINO DE MATERIA | |
| Término de materia o nombre geográfico como elemento de entrada | Liturgia |
| Subdivisión general | Cena del Señor |
| 9 (RLIN) | 21820 |
| 650 14 - PUNTO DE ACCESO ADICIONAL DE MATERIA--TÉRMINO DE MATERIA | |
| Término de materia o nombre geográfico como elemento de entrada | Iglesia católica |
| Subdivisión general | Liturgia - Ritual |
| 9 (RLIN) | 21821 |
| 902 ## - CATALOGADOR | |
| Iniciales | DCON |
| 942 ## - ELEMENTOS DE PUNTO DE ACCESO ADICIONAL (KOHA) | |
| Fuente del sistema de clasificación o colocación | Library of Congress Classification |
| Tipo de ítem Koha | Libros |
| Estado de retiro | Estado de pérdida | Fuente del sistema de clasificación o colocación | Estado dañado | No para préstamo | Código de colección | Localización permanente | Ubicación/localización actual | Fecha de adquisición | Fuente de adquisición | Número de inventario | Total de préstamos | Signatura topográfica completa | Código de barras | Fecha visto por última vez | Precio válido a partir de | Tipo de ítem Koha |
|---|---|---|---|---|---|---|---|---|---|---|---|---|---|---|---|---|
| El ejemplar forma parte de la colección y puede ser consultado según las políticas vigentes. | Library of Congress Classification | Conventual Franz Mayer | Biblioteca del Museo Franz Mayer (Rogerio Casas-Alatriste) | Biblioteca del Museo Franz Mayer (Rogerio Casas-Alatriste) | 28/03/2017 | Donación | 00002 | BX2049.C3 .R58 1789 (00002) | 9460 | 22/03/2019 | 22/03/2019 | Libros |